Statistics for Closest Mainland Capitals Between Different Continents

Click here to take the quiz!

General Stats

  • This quiz has been taken 25 times
  • The average score is 5 of 15

Answer Stats

ContinentsDistance (km)Closest Mainland Capitals% Correct
Africa - Asia424Cairo - Jerusalem
85%
North America - South America773Panama City - Bogota
65%
Africa - Europe562Rabat - Lisbon
65%
Africa - South America4234Dakar - Paramaribo
40%
Asia - Europe749Ankara - Bucharest
35%
Europe - North America5386Lisbon - Ottawa
30%
Africa - Oceania10487Maputo - Canberra
30%
Oceania - South America11322Canberra - Santiago
25%
Asia - Oceania6527Kuala Lumpur - Canberra
25%
Europe - South America5888Lisbon - Paramaribo
25%
North America - Oceania13178Mexico City - Canberra
20%
Europe - Oceania14482Moscow - Canberra
20%
Africa - North America5841Rabat - Ottawa
20%
Asia - North America8161Ankara - Ottawa
5%
Asia - South America9424Ankara - Paramaribo
5%

Score Distribution

Percentile by Number Answered

Percent of People with Each Score

Your Score History

You have not taken this quiz